<?xml version="1.0" encoding="UTF-8"?>
<record
    xmlns:xsi="http://www.w3.org/2001/XMLSchema-instance"
    xsi:schemaLocation="http://www.loc.gov/MARC21/slim http://www.loc.gov/standards/marcxml/schema/MARC21slim.xsd"
    xmlns="http://www.loc.gov/MARC21/slim">

  <leader>00747    a2200145   4500</leader>
  <controlfield tag="008">141120b        xxu||||| |||| 00| 0 eng d</controlfield>
  <datafield tag="082" ind1=" " ind2=" ">
    <subfield code="a">709.86</subfield>
    <subfield code="b">Z141a</subfield>
  </datafield>
  <datafield tag="100" ind1=" " ind2=" ">
    <subfield code="a">Gustavo Zalamea</subfield>
    <subfield code="9">1667</subfield>
  </datafield>
  <datafield tag="245" ind1=" " ind2=" ">
    <subfield code="a">Arte en emergencia</subfield>
    <subfield code="b">Ensayo Historico, teorico o critico en el Arte Colombiano de fin de Milenio </subfield>
    <subfield code="c">Alcaldia Mayor de Bogota, Instituto Distrital de culturra y turismo</subfield>
  </datafield>
  <datafield tag="260" ind1=" " ind2=" ">
    <subfield code="a">Bogota</subfield>
    <subfield code="b">Alcaldia Mayor de Bogota, Instituto Distrital de culturra y turismo</subfield>
    <subfield code="c">2000</subfield>
  </datafield>
  <datafield tag="300" ind1=" " ind2=" ">
    <subfield code="a">36 p.</subfield>
    <subfield code="b">col.</subfield>
    <subfield code="c">27 cm</subfield>
  </datafield>
  <datafield tag="505" ind1=" " ind2=" ">
    <subfield code="t">El lugar de la emergencia </subfield>
    <subfield code="t">Fragilidad en Emergencia</subfield>
    <subfield code="t">La Emergencia de fin de siglo</subfield>
    <subfield code="t">la emergencia de un nuevo salon Nacional </subfield>
    <subfield code="t">Los modelos de la emergencia</subfield>
  </datafield>
  <datafield tag="650" ind1=" " ind2=" ">
    <subfield code="a">Arte </subfield>
    <subfield code="v">Emergente</subfield>
    <subfield code="z">Colombia</subfield>
    <subfield code="9">1668</subfield>
  </datafield>
  <datafield tag="700" ind1=" " ind2=" ">
    <subfield code="a">Gustavo Zalamea</subfield>
    <subfield code="9">1669</subfield>
  </datafield>
  <datafield tag="999" ind1=" " ind2=" ">
    <subfield code="c">350</subfield>
    <subfield code="d">350</subfield>
  </datafield>
  <datafield tag="952" ind1=" " ind2=" ">
    <subfield code="0">0</subfield>
    <subfield code="1">0</subfield>
    <subfield code="2">ddc</subfield>
    <subfield code="4">0</subfield>
    <subfield code="7">0</subfield>
    <subfield code="a">LV</subfield>
    <subfield code="b">LV</subfield>
    <subfield code="c">Pensamiento</subfield>
    <subfield code="d">2014-11-20</subfield>
    <subfield code="l">0</subfield>
    <subfield code="o">709.86 Z141a</subfield>
    <subfield code="p">000542</subfield>
    <subfield code="r">2014-11-20 00:00:00</subfield>
    <subfield code="w">2014-11-20</subfield>
    <subfield code="y">01</subfield>
  </datafield>
</record>
